MARC

LEADER 00000nam0a2200000 4500
001 58105
005 20231031054729.0
010 |a 5256001043 
035 |a (RuTPU)RU\TPU\book\61335 
090 |a 58105 
100 |a 20031121d1988 km y0rusy50 ca 
101 0 |a rus 
102 |a RU 
105 |a a g 001zy 
200 1 |a Спутниковая связь и вещание  |e Справочник  |f Под ред. Л. Я. Кантора 
205 |a 2-е изд., пераб. и доп. 
210 |a Москва  |c Радио и связь  |d 1988 
215 |a 342 с.  |c ил. 
225 1 |a Справочник 
320 |a Библиогр.: с. 333-339 
610 1 |a связь спутниковая 
610 1 |a вещание 
610 1 |a построение 
610 1 |a функции 
610 1 |a каналы 
610 1 |a спутниковые линии 
610 1 |a расчеты 
610 1 |a надежность 
610 1 |a передающая аппаратура 
610 1 |a антенны 
610 1 |a бортовые ретрансляторы 
610 1 |a земные станции 
610 1 |a станция "Москва" 
610 1 |a станция "Экран" 
610 1 |a справочники 
610 1 |a искусственные спутники 
675 |a 621.396.94(035)  |v 3 
702 1 |a Кантор  |b Л. Я.  |g Лев Яковлевич  |4 340 
801 1 |a RU  |b 63413507  |c 20031121  |g PSBO 
801 2 |a RU  |b 63413507  |c 20121031  |g PSBO 
942 |c BK